00218nam a2200097Ia 4500008004100000041000800041082001200049100001500061245003500076260000900111230511s1954 xx 000 0 und d aeng a348.044 aAgarwalla  aSupreme Court Digest 1950-54  c1954